000 00430nam a2200145Ia 4500
008 090122s9999 xx 000 0 und d
082 _b9008
_a891.462
100 _aदेवल
_bगोविंद
_cबल्लाळ
245 _aसंगीत शारदा
600 _aदेवल
630 _aसंगीत शारदा
700 _aदेवल
730 _aसंगीत शारदा
942 _cBOOK
999 _c33085
_d33085